| 000 | 00699nam a22001937a 4500 | ||
|---|---|---|---|
| 003 | BD-DhSAU | ||
| 005 | 20250826103744.0 | ||
| 008 | 250826b |||||||| |||| 00| 0 eng d | ||
| 020 | _c9789843375551 | ||
| 040 | _aBD-DhSAU | ||
| 082 |
_222 _a923.2 Ah52 |
||
| 100 | _aআহমেদ, সিরাজ উদদীন | ||
| 245 |
_aশেরে বাংলা এ কে ফজলুল হক _c সিরাজ উদদীন আহমেদ |
||
| 260 |
_aঢাকাঃ _bভাস্কর প্রকাশনী; _c১৯৮৮ |
||
| 300 |
_a352 p. : _bill. ; _c22 cm. |
||
| 590 | _aroy | ||
| 650 | _aশেরে বাংলা এ কে ফজলুল হক | ||
| 942 |
_2ddc _cBOOK |
||
| 999 |
_c18002 _d18001 |
||